000 00363 a2200169 4500
001 184843
020 _a85-02-02335-7
040 _cMagnum
100 _aTavares, Ulisses
240 1 0 _aViva a poesia viva
_lpor
245 1 0 _aViva a poesia viva
300 _a79
362 0 _a1997
440 1 _aSaraiva
697 _aLITERATURA INFANTO-JUVENIL
942 _cBK
999 _c184843
_d184843